Investing in people? (Record no. 83759)

MARC details
000 -LEADER
fixed length control field 00620cab a22002175a 4500
001 - CONTROL NUMBER
control field L154961
008 - FIXED-LENGTH DATA ELEMENTS--GENERAL INFORMATION
fixed length control field 120210e20120204xxk 000 0 eng d
035 ## - SYSTEM CONTROL NUMBER
System control number (Sirsi) u154961
041 0# - LANGUAGE CODE
Language code of text/sound track or separate title eng
100 1# - MAIN ENTRY--PERSONAL NAME
Personal name Poczok, Lidia
245 00 - TITLE STATEMENT
Title Investing in people?
260 ## - PUBLICATION, DISTRIBUTION, ETC.
Date of publication, distribution, etc. 2012
490 ## - SERIES STATEMENT
Series statement Estates Gazette
Volume/sequential designation (1205) 4 February 2012, 74-76(3)
520 ## - SUMMARY, ETC.
Summary, etc. Explains why property investors need to know about the transfer of employment regulations.
590 ## - LOCAL NOTE (RLIN)
Local note KA
651 #4 - SUBJECT ADDED ENTRY--GEOGRAPHIC NAME
Geographic name United Kingdom
Chronological subdivision
690 ## - LOCAL SUBJECT ADDED ENTRY--TOPICAL TERM (OCLC, RLIN)
Topical term or geographic name as entry element Property management
9 (RLIN) 6262
690 ## - LOCAL SUBJECT ADDED ENTRY--TOPICAL TERM (OCLC, RLIN)
Topical term or geographic name as entry element Business and management
700 1# - ADDED ENTRY--PERSONAL NAME
Personal name Allen, Tim
942 ## - ADDED ENTRY ELEMENTS (KOHA)
Suppress in OPAC 0
Holdings
Withdrawn status Lost status Source of classification or shelving scheme Damaged status Not for loan Home library Current library Shelving location Date acquired Total Checkouts Full call number Barcode Date last seen Copy number Price effective from Koha item type
    Dewey Decimal Classification     London London Journal article 10/02/2012   L154961 154961-1001 06/08/2019 1 06/08/2019 Journal article